Pays sous régime autoritaire - Quiz - Statistiques

Statistiques générales
  • Ce quiz a été pris 99 fois
  • Le résultat moyen est 35 sur 57
Réponses sur la Carte
Les réponses sont colorées sur une échelle allant du rouge au vert en fonction du pourcentage des utilisateurs qui les ont devinées à leur premier essai. Vous pouvez retrouver ces pourcentages ci-dessous.
 
Statistiques - réponses
Pays % Correct
Russie
99%
Chine
90%
Corée du Nord
90%
Iran
84%
Biélorussie
82%
Algérie
81%
République Démocratique du Congo
81%
République du Congo
80%
Afghanistan
78%
Irak
78%
Arabie Saoudite
77%
Soudan
77%
Libye
76%
Venezuela
73%
Mali
72%
Pakistan
72%
Égypte
71%
Cuba
68%
Kazakhstan
68%
Oman
68%
Syrie
68%
Yémen
68%
Émirats Arabes Unis
67%
Niger
67%
Qatar
66%
Ouzbékistan
65%
Érythrée
62%
Turkménistan
62%
Tchad
61%
Cameroun
58%
Éthiopie
58%
Liban
58%
Rwanda
58%
Azerbaïdjan
57%
Jordanie
57%
Viêt Nam
57%
Kirghizistan
56%
Laos
56%
Tadjikistan
54%
Togo
53%
Cambodge
52%
Koweït
52%
Burkina Faso
51%
Guinée
51%
Bahreïn
49%
Birmanie
49%
République Centrafricaine
49%
Mozambique
47%
Gabon
46%
Djibouti
41%
Guinée-Bissau
38%
Zimbabwe
38%
Burundi
37%
Guinée Équatoriale
37%
Comores
35%
Nicaragua
30%
Eswatini
29%
Aucun quiz correspondant
Distribution des résultats
% des personnes avec chaque résultat
Percentile par nombre de réponses
Votre historique - résultats
Vous n’avez pas pris ce quiz